[Event "Quebec op"]
[Site "Laval CAN"]
[Date "2022.09.01"]
[Round "1.18"]
[White "Latreille, Etienne"]
[Black "Malek, Omid"]
[Result "1/2-1/2"]
[WhiteElo "1680"]
[BlackElo "2033"]
[PlyCount "81"]
[EventDate "2022.09.01"]
[EventType "swiss"]
[EventRounds "9"]
[EventCountry "CAN"]

1. e4 c5 2. Nf3 d6 3. Bb5+ Nd7 4. a4 Ngf6 5. Nc3 a6 6. Be2 e5 7. a5 Be7 8. d3
h6 9. O-O Nf8 10. Nd2 Ng6 11. Nc4 Be6 12. Nb6 Rb8 13. Bh5 O-O 14. Kh1 Qe8 15.
g3 Bd8 16. Nbd5 Nxh5 17. Qxh5 Qd7 18. Ne3 Bg5 19. Ncd5 Bxd5 20. Nxd5 Bxc1 21.
Rfxc1 Ne7 22. Nb6 Qe6 23. g4 Rbd8 24. g5 Qg6 25. Qxg6 fxg6 26. Rf1 hxg5 27. Nc4
Nc6 28. Ra3 Rd7 29. Rb3 Nd4 30. Rb6 Rf6 31. c3 Ne2 32. Rd1 g4 33. Kg2 Nf4+ 34.
Kg3 Nh3 35. Rd2 Kh7 36. Ne3 Rf3+ 37. Kxg4 Rdf7 38. Nf5 Rf4+ 39. Kxh3 gxf5 40.
Rxd6 fxe4 41. dxe4 1/2-1/2

[Event "Quebec op"]
[Site "Laval CAN"]
[Date "2022.09.01"]
[Round "1.19"]
[White "Cossette, Daniel"]
[Black "Nica, Ion"]
[Result "1-0"]
[WhiteElo "2026"]
[BlackElo "1674"]
[PlyCount "55"]
[EventDate "2022.09.01"]
[EventType "swiss"]
[EventRounds "9"]
[EventCountry "CAN"]

1. e4 d6 2. d4 Nf6 3. Nc3 e5 4. Nf3 Bg4 5. dxe5 Bxf3 6. Qxf3 dxe5 7. Bg5 Be7 8.
Bc4 c6 9. O-O O-O 10. Rad1 Qb6 11. Bb3 Nbd7 12. Rxd7 Bd8 13. Rd2 h6 14. Bxf6
Bxf6 15. Rfd1 Qa5 16. Rd7 b5 17. a4 b4 18. Ne2 Qb6 19. Ng3 Rad8 20. Rxd8 Rxd8
21. Rxd8+ Qxd8 22. Qd3 Qc7 23. Nf5 a5 24. g3 Bg5 25. Qd6 Qb7 26. Qxe5 Bf6 27.
Qe8+ Kh7 28. Bxf7 1-0

[Event "Quebec op"]
[Site "Laval CAN"]
[Date "2022.09.01"]
[Round "1.20"]
[White "Jiang, Barron Jiyu"]
[Black "Robichaud, Louis"]
[Result "0-1"]
[WhiteElo "1603"]
[BlackElo "2026"]
[PlyCount "92"]
[EventDate "2022.09.01"]
[EventType "swiss"]
[EventRounds "9"]
[EventCountry "CAN"]

1. e4 e5 2. Nf3 Nc6 3. d4 exd4 4. Nxd4 Bc5 5. Nb3 Bb6 6. Nc3 Nf6 7. a4 a6 8.
Be2 O-O 9. O-O h6 10. Bf4 d6 11. Nd5 Ba7 12. Nd2 Re8 13. Bd3 Be6 14. c4 Ne5 15.
Bxe5 dxe5 16. Qb3 Nd7 17. Qc3 c6 18. Ne3 Bd4 19. Qc2 Qb6 20. Nb3 Bxe3 21. fxe3
Qxe3+ 22. Kh1 Qb6 23. Ra3 c5 24. Qf2 Rac8 25. Nc1 Qd6 26. Rc3 Nb8 27. Be2 Nc6
28. Rg3 Ne7 29. h4 f5 30. exf5 Nxf5 31. Rg6 Rf8 32. Bf3 e4 33. Bxe4 Ng3+ 34.
Qxg3 Rxf1+ 35. Kh2 Qxg3+ 36. Kxg3 Bf7 37. Nd3 Bxg6 38. Bxg6 b5 39. axb5 axb5
40. cxb5 c4 41. Ne5 Rc5 42. Nf3 Rxb5 43. Nd2 Rc1 44. Be4 Kf8 45. Nxc4 Rxc4 46.
Bd3 Rb3 0-1

[Event "Quebec op"]
[Site "Laval CAN"]
[Date "2022.09.01"]
[Round "1.21"]
[White "Saha, Ananda"]
[Black "Zhang, Brian"]
[Result "0-1"]
[WhiteElo "2025"]
[BlackElo "1526"]
[PlyCount "96"]
[EventDate "2022.09.01"]
[EventType "swiss"]
[EventRounds "9"]
[EventCountry "CAN"]

1. d4 d5 2. Nf3 Nf6 3. e3 Bg4 4. c4 e6 5. Qb3 Qc8 6. Ne5 Bf5 7. Nc3 c6 8. c5
Nbd7 9. f4 Nxe5 10. fxe5 Ne4 11. Be2 Be7 12. O-O f6 13. Bh5+ g6 14. Nxe4 Bxe4
15. exf6 gxh5 16. Qd1 Bf8 17. Qxh5+ Bg6 18. f7+ Kd7 19. Qe5 Be7 20. Rf6 Rf8 21.
Qxe6+ Kd8 22. Rxg6 hxg6 23. Qxg6 Qd7 24. Bd2 Kc7 25. Be1 b6 26. b4 Kb7 27. Bg3
a5 28. b5 Rac8 29. Rb1 Bd8 30. Rf1 cxb5 31. Bd6 Rc6 32. Qg8 Be7 33. Qxf8 Bxf8
34. Bxf8 Rc7 35. cxb6 Rc2 36. Bd6 Qxd6 37. f8=Q Qxf8 38. Rxf8 Rxa2 39. Rf5 b4
40. Rxd5 b3 41. Rb5 b2 42. h4 Ra1+ 43. Kf2 b1=Q 44. Rxb1 Rxb1 45. h5 a4 46. g4
a3 47. h6 a2 48. h7 Rh1 0-1

[Event "Quebec op"]
[Site "Laval CAN"]
[Date "2022.09.02"]
[Round "2.1"]
[White "Sambuev, Bator"]
[Black "Drolet, Stephane"]
[Result "1-0"]
[WhiteElo "2436"]
[BlackElo "2034"]
[PlyCount "59"]
[EventDate "2022.09.01"]
[EventType "swiss"]
[EventRounds "9"]
[EventCountry "CAN"]

1. d4 Nf6 2. c4 e6 3. Nc3 d5 4. Bg5 Nbd7 5. e3 Bb4 6. cxd5 exd5 7. Bd3 c5 8.
Nge2 h6 9. Bh4 Qa5 10. O-O cxd4 11. Nxd4 Bxc3 12. bxc3 O-O 13. Rb1 a6 14. Rb4
Re8 15. Nf5 Qc5 16. a4 Qxc3 17. Rd4 Qc6 18. Rf4 b6 19. Qa1 Bb7 20. Rc1 Nc5 21.
Nxh6+ gxh6 22. Bxf6 Re6 23. Rg4+ Kf8 24. Bh4 Ke8 25. Bf5 h5 26. Rg8+ Kd7 27.
Rxa8 Bxa8 28. Qg7 Qxa4 29. Qxf7+ Kc6 30. Qxe6+ 1-0

[Event "Quebec op"]
[Site "Laval CAN"]
[Date "2022.09.02"]
[Round "2.2"]
[White "Bluvshtein, Ilia"]
[Black "Vera, Reynaldo"]
[Result "0-1"]
[WhiteElo "1909"]
[BlackElo "2402"]
[PlyCount "61"]
[EventDate "2022.09.01"]
[EventType "swiss"]
[EventRounds "9"]
[EventCountry "CAN"]

1. e4 c5 2. Nf3 d6 3. d4 cxd4 4. Nxd4 Nf6 5. Nc3 a6 6. Bg5 e6 7. f4 b5 8. e5
dxe5 9. fxe5 Qc7 10. exf6 Qe5+ 11. Be2 Qxg5 12. O-O Ra7 13. Qd3 Rd7 14. Ne4 Qe5
15. c3 Bb7 16. Bf3 Bxe4 17. Qxe4 Qxe4 18. Bxe4 Bc5 19. fxg7 Rg8 20. Kh1 Bxd4
21. cxd4 Rxd4 22. Rfe1 Rxg7 23. Rac1 Kd7 24. Rc2 h5 25. Bf3 h4 26. h3 a5 27.
Rec1 Ke7 28. Rc7+ Kf6 29. Rc8 Nd7 30. R1c7 Ne5 31. Rf8 {Illegible. (48 moves).}
0-1

[Event "Quebec op"]
[Site "Laval CAN"]
[Date "2022.09.02"]
[Round "2.3"]
[White "Migot, Tangi"]
[Black "Cossette, Daniel"]
[Result "1-0"]
[WhiteElo "2356"]
[BlackElo "2026"]
[PlyCount "53"]
[EventDate "2022.09.01"]
[EventType "swiss"]
[EventRounds "9"]
[EventCountry "CAN"]

1. Nf3 d5 2. g3 e6 3. Bg2 c5 4. O-O Nc6 5. d4 Nf6 6. c4 Be7 7. dxc5 Bxc5 8. a3
O-O 9. b4 Be7 10. Nbd2 Ne4 11. Bb2 Bf6 12. Bxf6 Qxf6 13. cxd5 exd5 14. Nb3 Re8
15. Qxd5 Nc3 16. Qh5 Nxe2+ 17. Kh1 Bf5 18. Rfe1 Nc3 19. Nc5 b6 20. Nh4 g6 21.
Qf3 Rxe1+ 22. Rxe1 Rc8 23. Nd7 Qd6 24. Nxf5 Qxd7 25. Qxc3 gxf5 26. Qe3 Rd8 27.
Qg5+ 1-0

[Event "Quebec op"]
[Site "Laval CAN"]
[Date "2022.09.02"]
[Round "2.4"]
[White "Robichaud, Louis"]
[Black "Chiku-Ratte, Olivier-Kenta"]
[Result "1-0"]
[WhiteElo "2026"]
[BlackElo "2355"]
[PlyCount "177"]
[EventDate "2022.09.01"]
[EventType "swiss"]
[EventRounds "9"]
[EventCountry "CAN"]

1. e4 c6 2. d3 d5 3. Bd2 e5 4. Nf3 Bd6 5. Nc3 Nf6 6. g3 O-O 7. Bg2 d4 8. Ne2
Re8 9. O-O a5 10. h3 a4 11. Ne1 a3 12. b3 c5 13. f4 Nc6 14. f5 b5 15. g4 Ba6
16. Ng3 Nd7 17. g5 c4 18. f6 g6 19. h4 Nc5 20. h5 Ra7 21. Qg4 Ne6 22. Ne2 Bc8
23. Qh4 cxb3 24. cxb3 Nf8 25. hxg6 fxg6 26. Bh3 Rf7 27. Bxc8 Qxc8 28. Rc1 Qd7
29. Nf3 Bb4 30. Rc2 Bc3 31. Bxc3 dxc3 32. Nxc3 Nd4 33. Nxd4 Qxd4+ 34. Rff2 Rc8
35. Nxb5 Qa1+ 36. Kh2 Rxc2 37. Rxc2 Qd1 38. Nxa3 Qxd3 39. Rf2 h6 40. gxh6 Kh7
41. Nc4 Nd7 42. Qh3 Qxe4 43. Qe6 Qh4+ 44. Kg1 Qg3+ 45. Kf1 Qd3+ 46. Ke1 Qb1+
47. Ke2 Qe4+ 48. Ne3 Qd3+ 49. Kxd3 Nc5+ 50. Kc4 Nxe6 51. Kd5 Ng5 52. Kxe5 Rf8
53. Nd5 Nf7+ 54. Ke6 Nxh6 55. Rh2 Ra8 56. Ne7 Ra6+ 57. Ke5 Ra5+ 58. Nd5 Ra8 59.
b4 g5 60. Ne7 Re8 61. Kd6 Rf8 62. Ke6 Rb8 63. Nf5 Rb6+ 64. Ke7 Rb7+ 65. Kd8 Kg6
66. Nxh6 Kxf6 67. Rb2 Rh7 68. Ng4+ Kf5 69. Ne3+ Ke4 70. Ng2 Kd4 71. b5 Kc5 72.
a4 Rh8+ 73. Ke7 Ra8 74. b6 Kc6 75. a5 Kb7 76. Rb5 g4 77. Rg5 g3 78. Nf4 Kc6 79.
Ne6 Kb7 80. Nc7 Rh8 81. Rxg3 Rh6 82. Ra3 Rc6 83. Kd7 Rc1 84. a6+ Kxb6 85. Rb3+
Kc5 86. a7 Rd1+ 87. Kc8 Kc4 88. Rh3 Ra1 89. Kb7 1-0

[Event "Quebec op"]
[Site "Laval CAN"]
[Date "2022.09.02"]
[Round "2.5"]
[White "Zheng, Richard"]
[Black "Chipanga, Takaedza"]
[Result "1/2-1/2"]
[WhiteElo "2147"]
[BlackElo "2012"]
[PlyCount "159"]
[EventDate "2022.09.01"]
[EventType "swiss"]
[EventRounds "9"]
[EventCountry "CAN"]

1. d4 d5 2. c4 dxc4 3. e4 c5 4. d5 e6 5. Bxc4 Nf6 6. Nc3 exd5 7. exd5 a6 8. a4
Bd6 9. Qe2+ Qe7 10. h3 Bf5 11. Nf3 h6 12. Qxe7+ Kxe7 13. O-O Re8 14. Re1+ Kf8
15. Rxe8+ Kxe8 16. g4 Bh7 17. Bf1 Nbd7 18. g5 hxg5 19. Bxg5 Kf8 20. Bg2 Re8 21.
Nd2 Bd3 22. Rd1 c4 23. Bf1 Bxf1 24. Kxf1 Rc8 25. Nf3 Bb4 26. Rd4 Rc5 27. Bf4
Bxc3 28. bxc3 Rxd5 29. Rxc4 Ke7 30. Be3 Rd1+ 31. Ke2 Rb1 32. Nd4 Nd5 33. Nf5+
Kf6 34. Ng3 Nxe3 35. Kxe3 Ne5 36. Rb4 Re1+ 37. Ne2 Ra1 38. Rb6+ Ke7 39. Rxb7+
Kf8 40. Rb8+ Ke7 41. Rb7+ Kf8 42. Rb4 a5 43. Re4 f6 44. h4 Nd7 45. Nd4 Nc5 46.
Ne6+ Nxe6 47. Rxe6 Rxa4 48. Ra6 Rxh4 49. Rxa5 Rh3+ 50. Kd4 Rf3 51. Ra2 Ke8 52.
c4 Rf5 53. c5 Kd7 54. Kc4 Kc6 55. Ra6+ Kc7 56. Kb5 Rxf2 57. Ra7+ Kd8 58. Rxg7
Re2 59. Kc6 f5 60. Rg8+ Ke7 61. Kc7 f4 62. Rg4 f3 63. Rf4 f2 64. c6 Rb2 65. Kc8
Ke8 66. c7 Ke7 67. Re4+ Kf7 68. Rf4+ Ke7 69. Rf3 Ke8 70. Re3+ Kf7 71. Rf3+ Ke7
72. Rf5 Ke8 73. Re5+ Kf7 74. Rf5+ Ke7 75. Rf4 Ke8 76. Re4+ Kf7 77. Rf4+ Ke7 78.
Rf3 Ke8 79. Re3+ Kf7 80. Rf3+ 1/2-1/2

[Event "Quebec op"]
[Site "Laval CAN"]
[Date "2022.09.02"]
[Round "2.6"]
[White "Batorshyn, Ilia"]
[Black "Wolchock, Theo"]
[Result "0-1"]
[WhiteElo "1909"]
[BlackElo "2105"]
[PlyCount "58"]
[EventDate "2022.09.01"]
[EventType "swiss"]
[EventRounds "9"]
[EventCountry "CAN"]

1. d4 d5 2. c4 e6 3. Nc3 c5 4. cxd5 exd5 5. Nf3 Nc6 6. g3 Nf6 7. Bg2 cxd4 8.
Nxd4 Bc5 9. Nb3 Bb6 10. Nxd5 Be6 11. e4 Bg4 12. Qd3 O-O 13. O-O Ne5 14. Qc3 Re8
15. Nxb6 axb6 16. f4 Rc8 17. Qd4 Nc6 18. Qxd8 Rcxd8 19. Be3 Nxe4 20. Bxb6 Rc8
21. Rac1 Nd6 22. Bxc6 Rxc6 23. Rxc6 bxc6 24. Rc1 Re2 25. Rxc6 Ne4 26. Nd4 Rxb2
27. a4 Bh3 28. Rc1 Rg2+ 29. Kf1 Rc2+ 0-1

[Event "Quebec op"]
[Site "Laval CAN"]
[Date "2022.09.02"]
[Round "2.7"]
[White "Chen, Max"]
[Black "Mercure, Gilbert"]
[Result "1-0"]
[WhiteElo "2104"]
[BlackElo "1722"]
[PlyCount "71"]
[EventDate "2022.09.01"]
[EventType "swiss"]
[EventRounds "9"]
[EventCountry "CAN"]

1. e4 d5 2. exd5 Nf6 3. c4 e6 4. dxe6 Bxe6 5. Be2 Qe7 6. b3 c5 7. Nf3 Nc6 8.
O-O O-O-O 9. Bb2 Qc7 10. Nc3 a6 11. Re1 Bf5 12. a3 Ng4 13. g3 h5 14. Nd5 Qd6
15. d4 h4 16. Ne5 Nxf2 17. Kxf2 hxg3+ 18. hxg3 Be4 19. Bg4+ f5 20. Rxe4 Rh2+
21. Kg1 Qh6 22. Bxf5+ Kb8 23. Rh4 Rxh4 24. gxh4 Qxh4 25. Qg4 Qh6 26. Nf7 Qd2
27. Qf4+ Qxf4 28. Nxf4 Re8 29. Kf2 cxd4 30. Re1 Be7 31. Ng6 d3 32. Nxe7 d2 33.
Nxc6+ Kc7 34. Rd1 bxc6 35. Rxd2 Rf8 36. Rd7+ 1-0

[Event "Quebec op"]
[Site "Laval CAN"]
[Date "2022.09.02"]
[Round "2.8"]
[White "Zhang, Brian"]
[Black "Nunez-Painchaud, Raphael"]
[Result "0-1"]
[WhiteElo "1526"]
[BlackElo "2091"]
[PlyCount "82"]
[EventDate "2022.09.01"]
[EventType "swiss"]
[EventRounds "9"]
[EventCountry "CAN"]

1. e4 c5 2. Nf3 d6 3. d4 cxd4 4. Nxd4 Nf6 5. Nc3 a6 6. h3 e6 7. g4 b5 8. Bg2
Bb7 9. O-O Nfd7 10. f4 Be7 11. f5 e5 12. Nde2 Nb6 13. a4 b4 14. Nd5 Nxd5 15.
exd5 Nd7 16. a5 Bg5 17. Bd2 h5 18. Ng3 hxg4 19. hxg4 Nc5 20. Ne4 Nxe4 21. Bxe4
Rc8 22. Qe1 Bxd2 23. Qxd2 Rc4 24. Rfe1 Qh4 25. Qg2 Bxd5 26. Rad1 Rxe4 27. Rxe4
Bxe4 28. Qxe4 Qh2+ 29. Kf1 Qh1+ 30. Qxh1 Rxh1+ 31. Ke2 Rxd1 32. Kxd1 Kd7 33.
Kd2 Kc6 34. c4 bxc3+ 35. Kxc3 d5 36. b4 Kb5 37. Kb3 d4 38. g5 e4 39. g6 fxg6
40. fxg6 e3 41. Kc2 Kxb4 0-1

[Event "Quebec op"]
[Site "Laval CAN"]
[Date "2022.09.02"]
[Round "2.9"]
[White "Eltafi, Ali Sina"]
[Black "Han, Johnathan"]
[Result "0-1"]
[WhiteElo "1179"]
[BlackElo "2074"]
[PlyCount "54"]
[EventDate "2022.09.01"]
[EventType "swiss"]
[EventRounds "9"]
[EventCountry "CAN"]

1. e4 c5 2. Nc3 d6 3. Nf3 Nf6 4. h3 e6 5. d4 cxd4 6. Nxd4 a6 7. Bd3 Be7 8. O-O
O-O 9. Be3 b5 10. e5 dxe5 11. Qf3 exd4 12. Qxa8 Qc7 13. Bxd4 Nc6 14. a4 Nxd4
15. Be4 b4 16. Nd1 Nd7 17. Bf3 f5 18. Ne3 Nb6 19. Nd5 exd5 20. Bxd5+ Kh8 21.
Rfe1 Nxa8 22. Bxa8 Be6 23. Bf3 Nxf3+ 24. gxf3 Bd5 25. Re3 Bc5 26. Ree1 Qg3+ 27.
Kf1 Qxf2# 0-1

[Event "Quebec op"]
[Site "Laval CAN"]
[Date "2022.09.02"]
[Round "2.10"]
[White "Perez Rodriguez, Luis Manuel"]
[Black "Adam, Rafael"]
[Result "1-0"]
[WhiteElo "2335"]
[BlackElo "1864"]
[PlyCount "119"]
[EventDate "2022.09.01"]
[EventType "swiss"]
[EventRounds "9"]
[EventCountry "CAN"]

1. e4 e5 2. Nf3 Nc6 3. Bb5 a6 4. Ba4 Nf6 5. d4 exd4 6. O-O Be7 7. e5 Ne4 8.
Nxd4 Nxd4 9. Qxd4 Nc5 10. Nc3 O-O 11. Nd5 d6 12. Nxe7+ Qxe7 13. exd6 Qxd6 14.
Qxd6 cxd6 15. Bb3 Nxb3 16. axb3 Be6 17. Bf4 Rac8 18. Rac1 d5 19. Rfd1 Rc6 20.
c3 Rfc8 21. Ra1 Rd8 22. Rd4 b5 23. f3 f6 24. Kf2 Kf7 25. Be3 Rd7 26. Ra5 Ke7
27. Rh4 h6 28. Rd4 Bf5 29. Rd2 Be6 30. Rd4 Kf7 31. Rd1 Rd8 32. Raa1 Rd7 33. Rd2
h5 34. b4 Bf5 35. Bc5 Be6 36. Rd4 Rd8 37. h3 Rd7 38. Rd2 Rd8 39. Bd4 Rd7 40. g4
Rd8 41. Kg3 Rh8 42. Re1 Bc8 43. Be3 hxg4 44. hxg4 Rd8 45. Bc5 Re6 46. Rxe6 Bxe6
47. f4 Bc8 48. f5 g6 49. Kf4 gxf5 50. gxf5 Bb7 51. Rh2 Rg8 52. Bd4 Bc8 53. Rh6
Rg2 54. Rxf6+ Ke7 55. Rh6 Re2 56. f6+ Ke6 57. Rh7 Re4+ 58. Kg5 Kd6 59. f7 Rg4+
60. Kh6 1-0

[Event "Quebec op"]
[Site "Laval CAN"]
[Date "2022.09.02"]
[Round "2.11"]
[White "Li, William"]
[Black "Ang, Alan"]
[Result "1-0"]
[WhiteElo "2106"]
[BlackElo "1921"]
[PlyCount "71"]
[EventDate "2022.09.01"]
[EventType "swiss"]
[EventRounds "9"]
[EventCountry "CAN"]

1. e4 g6 2. d4 Bg7 3. c4 c5 4. d5 d6 5. f3 Nf6 6. Nc3 O-O 7. Nge2 e6 8. Ng3
exd5 9. cxd5 Re8 10. Be2 Nbd7 11. O-O a6 12. a4 Rb8 13. Be3 h5 14. Qd2 Qc7 15.
Bg5 c4 16. f4 b5 17. axb5 axb5 18. e5 Nh7 19. Bh4 Nc5 20. Qe3 dxe5 21. f5 e4
22. f6 Bf8 23. Nxh5 b4 24. Bg3 Qb6 25. Bxb8 Qxb8 26. Ng7 Re5 27. Na4 Nb3 28.
Rad1 Qb5 29. Qxb3 Ba6 30. d6 Nxf6 31. Rxf6 Kxg7 32. Rdf1 Bxd6 33. Rxf7+ Kg8 34.
Qh3 Rh5 35. Bxh5 gxh5 36. Qe6 1-0

[Event "Quebec op"]
[Site "Laval CAN"]
[Date "2022.09.02"]
[Round "2.12"]
[White "Bassel, Charaf"]
[Black "Latreille, Etienne"]
[Result "0-1"]
[WhiteElo "2082"]
[BlackElo "1680"]
[PlyCount "92"]
[EventDate "2022.09.01"]
[EventType "swiss"]
[EventRounds "9"]
[EventCountry "CAN"]

1. d4 d5 2. c4 c6 3. Nc3 Nf6 4. Nf3 a6 5. e3 Bf5 6. c5 Nbd7 7. Nh4 Bg6 8. Nxg6
hxg6 9. f4 e6 10. b4 Nh5 11. Ne2 a5 12. bxa5 Rxa5 13. g3 b6 14. Bd2 Ra7 15.
cxb6 Nxb6 16. Bg2 Ba3 17. Kf2 Nf6 18. Bf3 Nc4 19. Bc3 Nd6 20. Qc2 Nfe4+ 21. Kg2
Nc4 22. Qd3 Nxc3 23. Nxc3 Bb2 24. a4 Bxa1 25. Rxa1 Rb7 26. Ra2 Qa5 27. Nd1 O-O
28. e4 Rfb8 29. Kh3 Rb3 30. Qe2 R8b4 31. Bg4 Rxa4 32. Rxa4 Qxa4 33. f5 exf5 34.
exf5 Nd6 35. Qe7 Nxf5 36. Bxf5 gxf5 37. Qe8+ Kh7 38. Qxf7 Rb8 39. Qxf5+ Kg8 40.
Qe6+ Kh8 41. Qe5 Qa7 42. Nf2 Qd7+ 43. Kg2 Rb2 44. h4 Qf7 45. Qe3 Qf5 46. Kg1
Qb1+ 0-1

[Event "Quebec op"]
[Site "Laval CAN"]
[Date "2022.09.02"]
[Round "2.13"]
[White "Malek, Omid"]
[Black "Saha, Ananda"]
[Result "0-1"]
[WhiteElo "2033"]
[BlackElo "2025"]
[PlyCount "108"]
[EventDate "2022.09.01"]
[EventType "swiss"]
[EventRounds "9"]
[EventCountry "CAN"]

1. d4 e6 2. Nf3 Nf6 3. c4 Bb4+ 4. Nbd2 c5 5. a3 Bxd2+ 6. Bxd2 cxd4 7. Nxd4 Nc6
8. Nxc6 bxc6 9. Qc2 d5 10. e3 O-O 11. Bd3 e5 12. O-O Be6 13. Bb4 Re8 14. Rfd1
Qb6 15. h3 Rac8 16. c5 Qc7 17. Bc3 e4 18. Ba6 Rb8 19. b4 Nd7 20. Qa4 f5 21. Bd4
f4 22. exf4 Rf8 23. Rac1 Rxf4 24. Rc3 Rbf8 25. Rg3 g6 26. Qc2 Qd8 27. b5 Qa5
28. Qe2 R4f5 29. a4 Nb8 30. Qe3 Rh5 31. Bc3 Qxa4 32. Ra1 Qc4 33. bxc6 Nxa6 34.
Rxa6 Rf7 35. Ra1 Rhf5 36. f3 Qd3 37. Qxd3 exd3 38. Re1 d4 39. Bxd4 Rd5 40. Be3
Bf5 41. Rd1 Rc7 42. f4 Rxc6 43. Bd2 Kf7 44. Re3 h5 45. Ra1 Rd7 46. Re5 Re6 47.
Rxe6 Kxe6 48. c6 Rc7 49. Be3 Rxc6 50. Rxa7 Rc2 51. Ra6+ Kd5 52. g4 hxg4 53.
hxg4 Bxg4 54. Rxg6 Ke4 0-1

[Event "Quebec op"]
[Site "Laval CAN"]
[Date "2022.09.02"]
[Round "2.14"]
[White "Wiebe, Isaac"]
[Black "Chapdelaine, Gwyn"]
[Result "1/2-1/2"]
[WhiteElo "2010"]
[BlackElo "1873"]
[PlyCount "109"]
[EventDate "2022.09.01"]
[EventType "swiss"]
[EventRounds "9"]
[EventCountry "CAN"]

1. e4 c6 2. c4 d5 3. exd5 cxd5 4. cxd5 Nf6 5. Qa4+ Nbd7 6. Nc3 g6 7. Nf3 Bg7 8.
Bc4 O-O 9. d3 Nb6 10. Qb3 Bg4 11. Ne5 Bf5 12. f4 Nfd7 13. Nxd7 Qxd7 14. Be3
Nxc4 15. dxc4 Rfc8 16. Rd1 b6 17. Nb5 Be4 18. O-O a6 19. Nc3 Bxc3 20. Qxc3 Qa4
21. Qe5 Bf5 22. Bd4 f6 23. Qxe7 Rf8 24. Bxf6 Rf7 25. Qd6 Qxc4 26. Bd4 Re8 27.
b3 Qc2 28. Qc6 Qxc6 29. dxc6 Rc7 30. Rc1 Rec8 31. Bxb6 Rxc6 32. Be3 Rc3 33.
Rfe1 Rc2 34. Red1 R2c3 35. Kf2 Rc2+ 36. Rxc2 Rxc2+ 37. Rd2 Rc3 38. Kf3 h5 39.
h3 Kf7 40. Rd6 Bc8 41. Rb6 Rc2 42. a4 Be6 43. Ke4 Rxg2 44. Ke5 Bxh3 45. Rb7+
Ke8 46. Kd6 Bf5 47. b4 h4 48. b5 axb5 49. axb5 h3 50. Re7+ Kf8 51. b6 h2 52. b7
Rb2 53. Rh7 Rxb7 54. Rh8+ Kf7 55. Rh7+ 1/2-1/2

[Event "Quebec op"]
[Site "Laval CAN"]
[Date "2022.09.02"]
[Round "2.15"]
[White "Jacquet, Stephane"]
[Black "Javidfard, Amirsalar"]
[Result "0-1"]
[WhiteElo "1862"]
[BlackElo "2009"]
[PlyCount "84"]
[EventDate "2022.09.01"]
[EventType "swiss"]
[EventRounds "9"]
[EventCountry "CAN"]

1. d4 d5 2. c4 e6 3. Nc3 Bb4 4. a3 Bxc3+ 5. bxc3 Nf6 6. e3 O-O 7. Bd3 c5 8.
cxd5 exd5 9. Ne2 Nbd7 10. O-O Re8 11. a4 c4 12. Bc2 Ne4 13. f3 Nd6 14. Ng3 Nf6
15. e4 dxe4 16. fxe4 Ndxe4 17. Nxe4 Nxe4 18. Qh5 g6 19. Qh6 Nxc3 20. Bb2 Ne2+
21. Kh1 f5 22. Rfe1 c3 23. Bb3+ Kh8 24. Ba3 Be6 25. Rxe2 Bxb3 26. Rxe8+ Qxe8
27. Bd6 Kg8 28. Be5 Qd7 29. h4 Rc8 30. h5 Rc6 31. Qe3 gxh5 32. Ra3 Qd5 33. Bf4
Qf7 34. Qg3+ Kf8 35. Bd6+ Ke8 36. Qe5+ Be6 37. Rxc3 Rxc3 38. d5 Rc1+ 39. Kh2
Kd7 40. Ba3 Rd1 41. Qd6+ Kc8 42. Qc5+ Qc7+ 0-1

[Event "Quebec op"]
[Site "Laval CAN"]
[Date "2022.09.03"]
[Round "2.16"]
[White "Ber, Yves"]
[Black "Mok, Yuen Tak"]
[Result "0-1"]
[WhiteElo "1954"]
[BlackElo "1795"]
[PlyCount "68"]
[EventDate "2022.09.01"]
[EventType "swiss"]
[EventRounds "9"]
[EventCountry "CAN"]

1. d4 d5 2. Nf3 Nf6 3. e3 c5 4. Bb5+ Nc6 5. Nc3 cxd4 6. exd4 Bg4 7. h3 Bxf3 8.
Qxf3 e6 9. Bg5 Be7 10. O-O Qb6 11. Qd3 O-O 12. Bxc6 Qxc6 13. Ne2 b5 14. c3 Rab8
15. Rac1 Qc4 16. Qc2 Rfc8 17. b3 Qc6 18. f3 Ba3 19. Bxf6 Bxc1 20. Be5 Be3+ 21.
Kh1 Rb7 22. Qd3 Bh6 23. h4 f6 24. Bg3 b4 25. cxb4 Qc2 26. Qa6 Rb6 27. Qxa7 Qxe2
28. Re1 Qa6 29. Qd7 Qb7 30. Qxb7 Rxb7 31. Bd6 Kf7 32. Re2 Bc1 33. Kg1 Ba3 34.
Kf2 Bxb4 0-1

[Event "Quebec op"]
[Site "Laval CAN"]
[Date "2022.09.02"]
[Round "2.17"]
[White "Landry, Sylvain"]
[Black "Latorre, Vincent"]
[Result "0-1"]
[WhiteElo "1764"]
[BlackElo "1949"]
[PlyCount "104"]
[EventDate "2022.09.01"]
[EventType "swiss"]
[EventRounds "9"]
[EventCountry "CAN"]

1. e4 g6 2. d4 Bg7 3. Nc3 d6 4. Be3 a6 5. Qd2 b5 6. f3 Bb7 7. O-O-O Nd7 8. h4
h5 9. Nh3 c5 10. Kb1 cxd4 11. Bxd4 Bxd4 12. Qxd4 Ngf6 13. f4 Qb6 14. Qxb6 Nxb6
15. e5 dxe5 16. fxe5 Ne4 17. Nxe4 Bxe4 18. Ng5 Bd5 19. Bd3 O-O 20. Rhg1 Kg7 21.
g4 hxg4 22. Rxg4 Nc4 23. Re1 Nd2+ 24. Kc1 Nf3 25. Re3 Nxg5 26. Rxg5 Rh8 27. e6
Bxe6 28. Bxg6 Rxh4 29. Bd3+ Kf6 30. Rc5 Rf4 31. Rh5 Bc4 32. Rh6+ Kg5 33. Reh3
Bxd3 34. R3h5+ Kg4 35. Rh4+ Kf3 36. Rh3+ Ke2 37. Rh2+ Ke3 38. R6h3+ Rf3 39.
Rxf3+ Kxf3 40. Rh3+ Kg4 41. Rxd3 e5 42. Kd2 Kf4 43. a4 bxa4 44. Ke2 e4 45. Rd4
Rc8 46. Kd1 f5 47. Rxa4 Rc6 48. c3 Kf3 49. Ra5 f4 50. Rh5 e3 51. Ke1 Rg6 52.
Rh1 Rg2 0-1

[Event "Quebec op"]
[Site "Laval CAN"]
[Date "2022.09.03"]
[Round "2.18"]
[White "Turcotte, Jonathan"]
[Black "Laroche, Hugo"]
[Result "1-0"]
[WhiteElo "1940"]
[BlackElo "1696"]
[PlyCount "91"]
[EventDate "2022.09.01"]
[EventType "swiss"]
[EventRounds "9"]
[EventCountry "CAN"]

1. d4 d5 2. c4 c6 3. Nf3 Nf6 4. Nc3 e6 5. Bg5 dxc4 6. e4 b5 7. e5 h6 8. Bh4 g5
9. Nxg5 hxg5 10. Bxg5 Nbd7 11. g3 Bb7 12. Bg2 Qb6 13. exf6 O-O-O 14. O-O c5 15.
dxc5 Nxc5 16. Qe2 Bxg2 17. Kxg2 Bh6 18. Bxh6 Rxh6 19. Rad1 Qb7+ 20. f3 Rdh8 21.
h4 Nd3 22. Qe3 Qc7 23. Rh1 Rg6 24. Ne4 Rhg8 25. Ng5 Rxf6 26. Rxd3 cxd3 27. Rc1
Rd8 28. Rxc7+ Kxc7 29. Ne4 Rf5 30. Qxa7+ Kc6 31. Qe3 Rfd5 32. Nd2 Rc5 33. g4
Rc2 34. b4 Rxa2 35. h5 Rb2 36. Qc5+ Kb7 37. Qxb5+ Kc8 38. Qc5+ Kb7 39. Qe3 Rxb4
40. h6 Kc6 41. h7 Rbb8 42. Kg3 Kd6 43. Qxd3+ Ke7 44. Qa3+ Kf6 45. Ne4+ Ke5 46.
Qc5+ 1-0

[Event "Quebec op"]
[Site "Laval CAN"]
[Date "2022.09.02"]
[Round "2.19"]
[White "Kapush, Oleksandr"]
[Black "Rodriguez, Aaron"]
[Result "1-0"]
[WhiteElo "1731"]
[BlackElo "1894"]
[PlyCount "43"]
[EventDate "2022.09.01"]
[EventType "swiss"]
[EventRounds "9"]
[EventCountry "CAN"]

1. e4 g6 2. d4 Bg7 3. Nc3 d6 4. Be3 Nf6 5. Qd2 Ng4 6. Bg5 h6 7. Bh4 g5 8. Bg3
e5 9. Nf3 exd4 10. Nxd4 Ne5 11. Nd5 Nec6 12. Nb5 Na6 13. O-O-O O-O 14. h4 Ne5
15. hxg5 hxg5 16. f4 Ng6 17. f5 Ne5 18. Rh5 c6 19. f6 Bxf6 20. Nxf6+ Qxf6 21.
Bxe5 dxe5 22. Rxg5+ 1-0

[Event "Quebec op"]
[Site "Laval CAN"]
[Date "2022.09.02"]
[Round "3.1"]
[White "Nunez-Painchaud, Raphael"]
[Black "Sambuev, Bator"]
[Result "0-1"]
[WhiteElo "2091"]
[BlackElo "2436"]
[PlyCount "86"]
[EventDate "2022.09.01"]
[EventType "swiss"]
[EventRounds "9"]
[EventCountry "CAN"]

1. c4 e5 2. g3 Nc6 3. Bg2 g6 4. Nc3 Bg7 5. e3 Nge7 6. Nge2 O-O 7. O-O d6 8. d4
exd4 9. exd4 Bg4 10. f3 Bd7 11. Be3 a6 12. Rc1 Nf5 13. Bf2 Re8 14. Qd2 b5 15.
Nd5 Rb8 16. b3 Nce7 17. Nec3 bxc4 18. bxc4 Nxd5 19. Nxd5 c6 20. Nc3 h5 21. Rb1
Bh6 22. f4 Bg7 23. Rxb8 Qxb8 24. Rb1 Qc7 25. c5 dxc5 26. dxc5 Be6 27. Rd1 Rb8
28. Ne4 Bd5 29. Nd6 Rb2 30. Qd3 Bd4 31. Rd2 Rxd2 32. Qxd2 Bxf2+ 33. Kxf2 Nxd6
34. cxd6 Qxd6 35. Qd4 Qe6 36. Bf1 h4 37. Bxa6 Qh3 38. gxh4 Qxh4+ 39. Kf1 Qh3+
40. Ke1 Bxa2 41. Qd2 Bd5 42. Bd3 Qf3 43. Bf1 Kh7 0-1